[Event "Titled Tue 26th Aug Late"]
[Site "chess.com INT"]
[Date "2025.08.26"]
[Round "4"]
[White "Kawka, Milena"]
[Black "Adharsh K"]
[Result "0-1"]
[WhiteTitle "WCM"]
[BlackTitle "FM"]
[WhiteElo "2017"]
[BlackElo "2346"]
[WhiteFideId "21095167"]
[BlackFideId "25718207"]
[EventDate "2025.08.26"]

1. Nf3 Nf6 2. e3 e6 3. b3 d5 4. Bb2 c5 5. Be2 Nc6 6. d4 Be7 7. Nbd2 O-O 8. O-O
b6 9. c4 cxd4 10. Nxd4 Nxd4 11. Bxd4 Bb7 12. Rc1 Rc8 13. Bf3 Ba6 14. Be2 Qd6 15.
cxd5 Bxe2 16. Qxe2 Nxd5 17. Nc4 Qb4 18. Qb2 Bf6 19. Bxf6 Nxf6 20. Rfd1 Rfd8 21.
a3 Qb5 22. Qc2 Qh5 23. f3 h6 24. Rxd8+ Rxd8 25. Rd1 Rc8 26. Qd2 Qc5 27. Qd4 Qxd4
28. Rxd4 b5 29. Nd6 Rc1+ 30. Kf2 Rc2+ 31. Kg3 a6 32. a4 e5 33. Rh4 Rc6 34. Nf5
Rc3 35. axb5 axb5 36. Rb4 Rc5 37. Nd6 Rc3 38. Ne4 Nxe4+ 39. fxe4 Rc5 40. Kf3 Kf8
41. Ke2 Ke7 42. g4 Kd6 43. h4 Kc6 44. Kd2 Kb6 0-1

[Event "Titled Tue 26th Aug Late"]
[Site "chess.com INT"]
[Date "2025.08.26"]
[Round "4"]
[White "Khanbutaev, Artemii"]
[Black "Ono, David"]
[Result "0-1"]
[WhiteElo "2145"]
[BlackElo "2110"]
[WhiteFideId "55747175"]
[BlackFideId "146943"]
[EventDate "2025.08.26"]

1. d4 d5 2. c4 c6 3. Nf3 Nf6 4. Nbd2 e6 5. g3 Bd6 6. Bg2 O-O 7. O-O Nbd7 8. Re1
b6 9. e4 dxe4 10. Nxe4 Nxe4 11. Rxe4 Nf6 12. Rh4 Be7 13. Ne5 Bb7 14. Bxc6 Rb8
15. Bxb7 Rxb7 16. Nc6 Qe8 17. Nxe7+ Qxe7 18. Qc2 Rd8 19. Bg5 h6 20. Be3 b5 21.
b3 Rc8 22. Rc1 Rbc7 23. Qd2 bxc4 24. Bxh6 cxb3 25. Rxc7 Qxc7 26. Bxg7 Qc1+ 27.
Kg2 Kxg7 28. Qxc1 Rxc1 29. axb3 Rb1 30. d5 Nxd5 31. Ra4 Rxb3 32. Rxa7 Rb2 33.
Ra3 f5 34. h4 Kg6 35. Kg1 Nf6 36. Re3 Rb6 37. Re2 Ng4 38. Re1 Kf6 39. f3 Ne5 40.
Kg2 Rb2+ 41. Kh3 Nxf3 42. Rh1 e5 43. h5 Kg5 44. g4 f4 45. h6 Kxh6 46. g5+ Kxg5 0-1

[Event "Titled Tue 26th Aug Late"]
[Site "chess.com INT"]
[Date "2025.08.26"]
[Round "4"]
[White "Isik, Engin Yasar"]
[Black "Miserendino, Alfredo"]
[Result "1-0"]
[WhiteTitle "CM"]
[WhiteElo "2094"]
[BlackElo "2032"]
[WhiteFideId "6301886"]
[BlackFideId "101800"]
[EventDate "2025.08.26"]

1. e4 c5 2. Nf3 e6 3. d3 Nc6 4. Nbd2 b6 5. g3 Bb7 6. Bg2 g6 7. O-O Bg7 8. Re1
Nge7 9. c3 O-O 10. e5 d6 11. exd6 Qxd6 12. Ne4 Qd7 13. Bg5 Qc7 14. Bf6 Nd5 15.
Bxg7 Kxg7 16. Qc1 h6 17. h4 Rad8 18. h5 Nce7 19. hxg6 fxg6 20. d4 Nf5 21. dxc5
bxc5 22. Nh2 Nf6 23. Nxf6 Rxf6 24. Bxb7 Qxb7 25. Ng4 Rf7 26. Qf4 Qb8 27. Qxb8
Rxb8 28. b3 Re7 29. Rad1 a5 30. Re4 h5 31. Ne5 Rc8 32. Ra4 h4 33. gxh4 Rh8 34.
Nf3 Rf7 35. Kg2 Ne7 36. Rxa5 Rf4 37. Rxc5 Rg4+ 38. Kf1 Rf8 39. Ng5 Nd5 40. Nxe6+
Kg8 41. Nxf8 Ne3+ 42. fxe3 1-0

[Event "Titled Tue 26th Aug Late"]
[Site "chess.com INT"]
[Date "2025.08.26"]
[Round "4"]
[White "Harriott, Tyrell"]
[Black "Sailer, Mike"]
[Result "1-0"]
[WhiteElo "1933"]
[BlackElo "2108"]
[WhiteFideId "2086484"]
[BlackFideId "2012901"]
[EventDate "2025.08.26"]

1. d4 d5 2. e3 Nf6 3. Bd3 Bg4 4. Ne2 e6 5. f4 c5 6. c3 Nc6 7. Nd2 Be7 8. O-O Qc7
9. Nf3 Ne4 10. Ne5 Nxe5 11. fxe5 O-O 12. Qc2 Bxe2 13. Qxe2 f5 14. exf6 Nxf6 15.
Bd2 Bd6 16. h3 Rf7 17. Be1 Raf8 18. Bh4 cxd4 19. exd4 e5 20. Bf5 Kh8 21. Be6 Re7
22. Bxd5 exd4 23. Qf3 dxc3 24. bxc3 Re5 25. Bb3 Nd7 26. Qg4 Rxf1+ 27. Rxf1 Re8
28. Qh5 Qc5+ 29. Qxc5 Bxc5+ 30. Kh1 h6 31. Rf7 Nb6 32. Rxb7 Rd8 33. Bxd8 1-0

[Event "Titled Tue 26th Aug Late"]
[Site "chess.com INT"]
[Date "2025.08.26"]
[Round "4"]
[White "Drygalov, Andrey"]
[Black "Niemann, Hans Moke"]
[Result "0-1"]
[WhiteTitle "GM"]
[BlackTitle "GM"]
[WhiteElo "2431"]
[BlackElo "2736"]
[WhiteFideId "24171735"]
[BlackFideId "2093596"]
[EventDate "2025.08.26"]

1. e4 c5 2. Nf3 Nc6 3. Bb5 e5 4. O-O Bd6 5. c3 a6 6. Ba4 b5 7. Bc2 Nge7 8. d3
O-O 9. Re1 Bb7 10. Nbd2 Bc7 11. Nb3 d6 12. d4 exd4 13. cxd4 c4 14. Nbd2 Nb4 15.
Bb1 f5 16. Ng5 Qd7 17. a3 Nbc6 18. d5 Ne5 19. Ne6 Bb6 20. Nf3 Nxf3+ 21. Qxf3
fxe4 22. Qxe4 Rf5 23. Qg4 Bxf2+ 24. Kh1 g6 25. Bxf5 Bxe1 26. Nd4 Nxf5 27. Be3
Ba5 28. Rf1 Rf8 29. Kg1 Bb6 30. Nxf5 Rxf5 31. Bxb6 Rxf1+ 32. Kxf1 Qxg4 0-1

[Event "Titled Tue 26th Aug Late"]
[Site "chess.com INT"]
[Date "2025.08.26"]
[Round "4"]
[White "Sindarov, Javokhir"]
[Black "Kravtsiv, Martyn"]
[Result "0-1"]
[WhiteTitle "GM"]
[BlackTitle "GM"]
[WhiteElo "2722"]
[BlackElo "2598"]
[WhiteFideId "14205483"]
[BlackFideId "14113147"]
[EventDate "2025.08.26"]

1. e4 e5 2. Nf3 Nc6 3. Bc4 Nf6 4. Ng5 d5 5. exd5 Na5 6. Bb5+ c6 7. dxc6 bxc6 8.
Bd3 Nd5 9. Nf3 Bd6 10. O-O Nf4 11. Nc3 O-O 12. Be2 c5 13. d3 Nxe2+ 14. Qxe2 Nc6
15. Ne4 Be7 16. h3 f5 17. Ned2 Bf6 18. Nc4 Re8 19. Be3 Bb7 20. c3 Qd5 21. Rad1
Rad8 22. Rfe1 h6 23. Bc1 Qf7 24. Ne3 Nd4 25. cxd4 exd4 26. b3 f4 27. Qf1 Bxf3
28. gxf3 dxe3 29. fxe3 fxe3 30. Bxe3 Rxe3 31. Rxe3 Bd4 32. Qf2 Re8 33. Rde1 Rxe3
34. Rxe3 Qf4 35. Kg2 Bxe3 0-1

[Event "Titled Tue 26th Aug Late"]
[Site "chess.com INT"]
[Date "2025.08.26"]
[Round "4"]
[White "Vasynda, Oleksandr"]
[Black "Carlsen, Magnus"]
[Result "0-1"]
[WhiteTitle "FM"]
[BlackTitle "GM"]
[WhiteElo "2209"]
[BlackElo "2839"]
[WhiteFideId "14176297"]
[BlackFideId "1503014"]
[EventDate "2025.08.26"]

1. d4 d5 2. Nf3 Nf6 3. Bf4 Bf5 4. e3 e6 5. c4 c5 6. cxd5 Nxd5 7. Bg3 Nc6 8. Nc3
cxd4 9. Nxd4 Bb4 10. Nxc6 bxc6 11. Qa4 O-O 12. Bc4 Bxc3+ 13. bxc3 Nxc3 14. Qb3
Ne4 15. O-O Nd2 16. Qc3 Nxf1 17. Rxf1 Be4 18. a3 Qf6 19. Be5 Qg6 20. f3 Bd5 21.
Bd3 f5 22. Kf2 h6 23. Rb1 Rf7 24. Qc5 Qg5 25. Bf4 Qe7 26. Bd6 Qf6 27. Qd4 Qxd4
28. exd4 Be4 29. fxe4 fxe4+ 30. Ke3 exd3 31. Kxd3 Rf2 32. g3 Rxh2 33. Rb7 Rh5
34. Be5 Rg5 35. Kc4 a5 36. Kc5 Rd8 37. Kxc6 Rd5 0-1

[Event "Titled Tue 26th Aug Late"]
[Site "chess.com INT"]
[Date "2025.08.26"]
[Round "4"]
[White "Harish, Neeraj"]
[Black "Ciocan, Maria-Alexandra"]
[Result "1-0"]
[WhiteTitle "CM"]
[BlackTitle "WCM"]
[WhiteElo "2028"]
[BlackElo "1998"]
[WhiteFideId "30958130"]
[BlackFideId "1227130"]
[EventDate "2025.08.26"]

1. e4 e6 2. d4 d5 3. Nc3 Nf6 4. e5 Nfd7 5. Nce2 c5 6. c3 Nc6 7. h4 Qa5 8. a3
cxd4 9. b4 Qb6 10. cxd4 f6 11. f4 Be7 12. Nf3 fxe5 13. fxe5 O-O 14. Be3 Ndxe5
15. Nxe5 Nxe5 16. Nc3 Bd7 17. Qd2 Ng4 18. Be2 Nxe3 19. Qxe3 Bf6 20. Rd1 a5 21.
b5 Qd6 22. a4 Rac8 23. g3 Qa3 24. Nxd5 Qxe3 25. Nxe3 Rc3 26. Ng4 Be7 27. Rd3
Rc1+ 28. Rd1 Rc3 29. Rd3 Rc1+ 30. Bd1 Bb4+ 31. Ke2 Ra1 32. Ne5 Be8 33. g4 Ra2+
34. Ke3 Rff2 35. Bf3 1-0

[Event "Titled Tue 26th Aug Late"]
[Site "chess.com INT"]
[Date "2025.08.26"]
[Round "4"]
[White "Mekhitarian, Krikor Sevag"]
[Black "Bulgak, Damir"]
[Result "1-0"]
[WhiteTitle "GM"]
[BlackTitle "CM"]
[WhiteElo "2549"]
[BlackElo "2254"]
[WhiteFideId "2107660"]
[BlackFideId "13528882"]
[EventDate "2025.08.26"]

1. Nf3 d5 2. c4 e6 3. d4 Nf6 4. Nc3 dxc4 5. e4 b5 6. Nxb5 Nxe4 7. Bxc4 Bb4+ 8.
Kf1 O-O 9. Bd3 Nf6 10. Bg5 Be7 11. Rc1 c6 12. Nc3 Nbd7 13. h4 h6 14. Kg1 Nd5 15.
Bd2 Rb8 16. Na4 Bb7 17. Bb1 Re8 18. Rh3 Bd6 19. Qc2 f5 20. Re1 N7f6 21. a3 Ne4
22. Rxe4 fxe4 23. Qxe4 Nf6 24. Qg6 Qe7 25. Bxh6 Qf7 26. Qxf7+ Kxf7 27. Bd2 Nd5
28. h5 Ke7 29. Rh4 Kd7 30. Rg4 Re7 31. Ne5+ Kc7 32. Bg5 Nf6 33. Rh4 Rf8 34. h6
gxh6 35. Rxh6 Ng8 36. Bxe7 1-0

[Event "Titled Tue 26th Aug Late"]
[Site "chess.com INT"]
[Date "2025.08.26"]
[Round "4"]
[White "Lortkipanidze, Nodar"]
[Black "Grot, Blazej"]
[Result "1-0"]
[WhiteTitle "IM"]
[BlackTitle "CM"]
[WhiteElo "2359"]
[BlackElo "2207"]
[WhiteFideId "13604058"]
[BlackFideId "21835845"]
[EventDate "2025.08.26"]

1. e4 c5 2. c3 Nf6 3. e5 Nd5 4. d4 cxd4 5. Qxd4 e6 6. Nf3 Nc6 7. Qe4 f5 8. exf6
Nxf6 9. Qh4 e5 10. Bb5 e4 11. Nd4 Nxd4 12. cxd4 Bb4+ 13. Bd2 Qa5 14. Qg5 O-O 15.
Nc3 d5 16. Be2 Be6 17. O-O Qb6 18. Be3 Bd6 19. Na4 Qd8 20. Nc5 Bxc5 21. dxc5 d4
22. Qe5 dxe3 23. Qxe6+ Kh8 24. fxe3 Qd2 25. Qc4 Qxe3+ 26. Kh1 Rac8 27. b4 a5 28.
a3 axb4 29. axb4 Ra8 30. Rxa8 Rxa8 31. b5 h5 32. c6 bxc6 33. bxc6 h4 34. c7 Rc8
35. h3 Qb6 36. Rc1 Ne8 37. Qxe4 Qf6 38. Bd3 Kg8 39. Qh7+ Kf8 40. Rf1 Qxf1+ 41.
Bxf1 Rxc7 42. Qxh4 Rc1 43. Qf4+ 1-0

[Event "Titled Tue 26th Aug Late"]
[Site "chess.com INT"]
[Date "2025.08.26"]
[Round "4"]
[White "Ozcan, Kaan"]
[Black "Bogaudinov, Rushan"]
[Result "0-1"]
[WhiteTitle "FM"]
[BlackTitle "FM"]
[WhiteElo "2223"]
[BlackElo "1912"]
[WhiteFideId "34566422"]
[BlackFideId "4129288"]
[EventDate "2025.08.26"]

1. d4 Nf6 2. Bg5 g6 3. Bxf6 exf6 4. e3 d5 5. c4 dxc4 6. Bxc4 Bg7 7. Ne2 O-O 8.
O-O c6 9. Nbc3 Nd7 10. a3 f5 11. Ba2 Nf6 12. Nf4 Qe7 13. b4 a6 14. Qc2 Ne4 15.
Nxe4 fxe4 16. d5 Bxa1 17. Rxa1 Qe5 18. Rd1 Bf5 19. dxc6 bxc6 20. Qxc6 Qb2 21.
Bd5 Rac8 22. Qxa6 Rc1 23. Rxc1 Qxc1+ 24. Qf1 Qxa3 25. b5 Qc5 26. Bc6 Rd8 27. h3
Qc2 28. Nd5 Be6 29. Nf6+ Kg7 30. Bxe4 Qb3 31. Kh2 Kxf6 32. Qa1+ Ke7 33. Bc6 Qb4
34. Qa7+ Kf8 35. b6 Qd6+ 36. g3 Qxc6 0-1

[Event "Titled Tue 26th Aug Late"]
[Site "chess.com INT"]
[Date "2025.08.26"]
[Round "4"]
[White "Kaufman, David"]
[Black "Peek, Maurice"]
[Result "1-0"]
[WhiteTitle "IM"]
[BlackTitle "IM"]
[WhiteElo "2447"]
[BlackElo "2381"]
[WhiteFideId "34220194"]
[BlackFideId "1004239"]
[EventDate "2025.08.26"]

1. d4 Nf6 2. c4 e6 3. Nf3 Bb4+ 4. Nbd2 O-O 5. a3 Bxd2+ 6. Qxd2 b6 7. e3 Bb7 8.
Be2 d6 9. b4 Nbd7 10. O-O Qe7 11. Bb2 e5 12. d5 c6 13. dxc6 Bxc6 14. Rfd1 Ne4
15. Qc2 Rac8 16. Nd2 Nxd2 17. Qxd2 Qg5 18. Bf1 Ba4 19. Re1 Qe7 20. Rac1 Rfd8 21.
e4 Bc6 22. Re3 Nf6 23. f3 Bb7 24. Rd3 Ba6 25. b5 Bb7 26. a4 Nd7 27. Rxd6 Nc5 28.
Rd1 Rxd6 29. Qxd6 Qxd6 30. Rxd6 f6 31. Ba3 Nxa4 32. Rd7 Ba8 33. Rxa7 Nc3 34. Bb4
Nd1 35. Bd2 Nb2 36. Ra2 1-0

[Event "Titled Tue 26th Aug Late"]
[Site "chess.com INT"]
[Date "2025.08.26"]
[Round "4"]
[White "Buchenau, Frank"]
[Black "Garcia Correa, Jose Ricardo"]
[Result "0-1"]
[WhiteTitle "FM"]
[BlackTitle "FM"]
[WhiteElo "2205"]
[BlackElo "2103"]
[WhiteFideId "4604350"]
[BlackFideId "5101832"]
[EventDate "2025.08.26"]

1. e4 e5 2. Bc4 Nc6 3. Nf3 Bc5 4. c3 Qf6 5. O-O d6 6. b4 Bb6 7. b5 Nce7 8. d4 h6
9. a4 a5 10. Be3 Ng6 11. Nbd2 N8e7 12. Re1 Nf4 13. Bf1 Neg6 14. Nc4 Bg4 15. dxe5
dxe5 16. Bxb6 cxb6 17. Nd6+ Kf8 18. Nf5 Rd8 19. Qb3 Bxf3 20. gxf3 Nh4 21. c4
Qg5+ 22. Ng3 Rd6 23. Rad1 Rg6 24. c5 bxc5 25. Rd2 Kg8 26. Red1 Kh7 27. Rd7 h5
28. Rxb7 f5 29. Rf7 fxe4 30. fxe4 Qg4 31. Kh1 Nf3 32. Bg2 Nxg2 33. Kxg2 Nh4+ 34.
Kh1 Re8 35. Rdd7 Ree6 36. Qe3 Ref6 37. Qe2 Nf3 38. Rxf6 Rxf6 39. Nf5 Qh3 40.
Rxg7+ Kh8 0-1

[Event "Titled Tue 26th Aug Late"]
[Site "chess.com INT"]
[Date "2025.08.26"]
[Round "4"]
[White "Garcia Hernandez, Rebeca"]
[Black "Ugarte Soto, Cesar"]
[Result "0-1"]
[WhiteTitle "WCM"]
[BlackTitle "CM"]
[WhiteElo "1943"]
[BlackElo "2088"]
[WhiteFideId "5180872"]
[BlackFideId "3601331"]
[EventDate "2025.08.26"]

1. d4 d5 2. Bf4 Nf6 3. Nf3 e6 4. e3 Bd6 5. Bg3 O-O 6. Ne5 Bxe5 7. Bxe5 Nbd7 8.
Bg3 Re8 9. Bd3 e5 10. dxe5 Nxe5 11. O-O Bg4 12. Be2 Bxe2 13. Qxe2 c6 14. Nd2 Qb6
15. b3 Rad8 16. Rfd1 Qa5 17. c4 Ng6 18. cxd5 Rxd5 19. Nc4 Qc3 20. Rac1 Qb4 21.
Rxd5 Nxd5 22. Qd3 h6 23. h3 Qe7 24. Qd4 a6 25. Nb6 Nxb6 26. Qxb6 Rd8 27. Rc2 h5
28. Qc5 Rd1+ 29. Kh2 h4 30. Bf4 Qxc5 31. Rxc5 Rd2 32. f3 Rxa2 33. Rc4 a5 34. Rc5
Rb2 35. Rxa5 Rxb3 36. Ra8+ Kh7 37. Rb8 c5 38. Bd6 c4 39. e4 c3 40. e5 b5 41. f4
Nxf4 0-1

[Event "Titled Tue 26th Aug Late"]
[Site "chess.com INT"]
[Date "2025.08.26"]
[Round "4"]
[White "Barwinska, Ewa"]
[Black "Caprio, Guido"]
[Result "0-1"]
[WhiteTitle "WFM"]
[BlackTitle "IM"]
[WhiteElo "2029"]
[BlackElo "2435"]
[WhiteFideId "21833761"]
[BlackFideId "834580"]
[EventDate "2025.08.26"]

1. c4 Nf6 2. Nc3 e6 3. e4 d5 4. e5 Ne4 5. cxd5 exd5 6. Nxe4 dxe4 7. Qa4+ Nc6 8.
Qxe4 Qd4 9. Qxd4 Nxd4 10. Bd3 Be6 11. Ne2 O-O-O 12. Bb1 Bc5 13. Nc3 Bc4 14. d3
Ba6 15. Be3 Rhe8 16. O-O Rxe5 17. Kh1 Ne6 18. Bxc5 Nxc5 19. f4 Re3 20. b4 Bxd3
21. Bxd3 Nxd3 22. a3 h5 23. Na4 b6 24. h3 Rd4 25. Nc3 Rxf4 26. Rxf4 Nxf4 27. Rf1
g5 28. g3 Rxg3 29. Ne4 Rxh3+ 30. Kg1 Rxa3 31. Nxg5 Rg3+ 32. Kh2 Rg2+ 33. Kh1
Rxg5 34. Rxf4 Kb7 35. Rxf7 Rg4 36. Rf5 Rxb4 37. Rxh5 a5 38. Rh2 Rb1+ 39. Kg2
Rb2+ 0-1

[Event "Titled Tue 26th Aug Late"]
[Site "chess.com INT"]
[Date "2025.08.26"]
[Round "4"]
[White "Goldin, Roman"]
[Black "Jasinski, Alexander"]
[Result "0-1"]
[WhiteTitle "FM"]
[WhiteElo "2284"]
[BlackElo "2063"]
[WhiteFideId "2803860"]
[BlackFideId "55627994"]
[EventDate "2025.08.26"]

1. Nf3 Nf6 2. e3 c5 3. b3 g6 4. Bb2 Bg7 5. Be2 O-O 6. c4 b6 7. O-O Bb7 8. d4
cxd4 9. Nxd4 Nc6 10. Nxc6 Bxc6 11. Nc3 d6 12. Bf3 Bxf3 13. Qxf3 Qd7 14. h3 Rac8
15. Rfd1 h5 16. Rd2 Rc5 17. Rad1 Rf5 18. Qg3 Rc5 19. e4 Qe6 20. f3 Rfc8 21. Nd5
Nxd5 22. exd5 Qf5 23. Bxg7 Kxg7 24. Re2 R8c7 25. Rde1 Qf6 26. Re4 b5 27. Rf4 Qc3
28. Re6 fxe6 29. dxe6 Kh6 30. Rf7 Rg5 0-1

[Event "Titled Tue 26th Aug Late"]
[Site "chess.com INT"]
[Date "2025.08.26"]
[Round "4"]
[White "Sakhayi, Mostafa"]
[Black "Haarh, Simon Bjork"]
[Result "1-0"]
[WhiteTitle "CM"]
[BlackTitle "CM"]
[WhiteElo "2166"]
[BlackElo "2195"]
[WhiteFideId "12512532"]
[BlackFideId "1470515"]
[EventDate "2025.08.26"]

1. d4 Nf6 2. c4 e6 3. Nc3 Bb4 4. e3 c5 5. Bd3 d6 6. Ne2 Nc6 7. O-O Bxc3 8. bxc3
b6 9. e4 e5 10. d5 Na5 11. f4 h6 12. Ng3 Qe7 13. fxe5 dxe5 14. Nf5 Bxf5 15. Rxf5
O-O-O 16. Qf3 Rhe8 17. Be3 Rd6 18. Rf1 Nb7 19. h3 Nd8 20. Qf2 Nh7 21. Bxc5 bxc5
22. Qxc5+ Qc7 23. Qxc7+ Kxc7 24. c5 Rf6 25. Bb5 Rf8 26. Rxe5 Rxf1+ 27. Kxf1 Nf6
28. Re7+ Kb8 29. c6 Ne8 30. e5 Nc7 31. c4 a6 32. Ba4 Na8 33. d6 Nb6 34. c7+ Kc8
35. cxd8=Q+ Kxd8 36. Bb3 Kc8 37. c5 1-0

[Event "Titled Tue 26th Aug Late"]
[Site "chess.com INT"]
[Date "2025.08.26"]
[Round "4"]
[White "Erdogan, Anil Berk"]
[Black "Ibarra Jerez, Jose Carlos"]
[Result "0-1"]
[WhiteTitle "CM"]
[BlackTitle "GM"]
[WhiteElo "2091"]
[BlackElo "2545"]
[WhiteFideId "6348173"]
[BlackFideId "2226332"]
[EventDate "2025.08.26"]

1. e4 c5 2. Nf3 Nc6 3. d4 cxd4 4. Nxd4 e6 5. Nc3 Bc5 6. Nb3 Bb4 7. g3 Nge7 8.
Bg2 O-O 9. O-O f5 10. Be3 fxe4 11. Nxe4 d5 12. Ng5 Nf5 13. Qh5 h6 14. Nf3 Nxe3
15. fxe3 Bd7 16. Nfd4 Qe7 17. c3 Bd6 18. Rxf8+ Rxf8 19. Rf1 Rxf1+ 20. Bxf1 Ne5
21. Be2 Be8 22. Qh3 Bf7 23. Nd2 Bc5 24. N2f3 Nxf3+ 25. Bxf3 Qg5 26. Kf2 Qf6 27.
Ke2 e5 28. Qc8+ Bf8 29. Nc2 e4 30. Bg4 Qa6+ 31. Kd2 h5 32. Be2 Qxa2 33. Qxb7 Qb1
34. g4 hxg4 35. Bxg4 Qg1 36. Be2 Qxh2 37. Nd4 a5 38. Qa7 g5 39. Qxa5 g4 40. Nf5
Qe5 41. Bxg4 Be6 0-1

[Event "Titled Tue 26th Aug Late"]
[Site "chess.com INT"]
[Date "2025.08.26"]
[Round "4"]
[White "Sharankov, Grigory"]
[Black "Pliukha, Myhajlo"]
[Result "1-0"]
[WhiteTitle "CM"]
[WhiteElo "2238"]
[BlackElo "2209"]
[WhiteFideId "4168356"]
[BlackFideId "14164698"]
[EventDate "2025.08.26"]

1. d4 Nf6 2. Nf3 c5 3. c3 g6 4. Bg5 Ne4 5. Bh4 cxd4 6. Qxd4 Nf6 7. Bxf6 exf6 8.
Nbd2 Nc6 9. Qe4+ Be7 10. e3 d5 11. Qc2 O-O 12. Be2 Bf5 13. Bd3 Bg4 14. h3 Be6
15. Nd4 Kg7 16. O-O Rc8 17. Qd1 Qd7 18. Re1 Bd6 19. Bf1 Rfe8 20. Nxe6+ fxe6 21.
e4 d4 22. cxd4 Nxd4 23. Rc1 Rxc1 24. Qxc1 Bf4 25. Rd1 Rc8 26. Qb1 Bxd2 27. Qd3
Rc2 28. Kh1 Rxb2 29. Rxd2 Rxd2 30. Qxd2 e5 31. Bc4 b5 32. Bd5 Qc7 33. Kh2 a5 34.
h4 b4 35. Qd3 h5 36. Qa6 f5 37. Qa8 Kh6 38. Qh8+ Qh7 39. Qxe5 Qa7 40. Qh8+ Qh7
41. Qxd4 Qc7+ 42. g3 f4 43. Qh8+ Qh7 1-0

[Event "Titled Tue 26th Aug Late"]
[Site "chess.com INT"]
[Date "2025.08.26"]
[Round "4"]
[White "Schuster, Karsten"]
[Black "Lai, Duc Minh"]
[Result "0-1"]
[WhiteTitle "FM"]
[WhiteElo "2266"]
[BlackElo "2121"]
[WhiteFideId "4611071"]
[BlackFideId "12420387"]
[EventDate "2025.08.26"]

1. c4 c5 2. Nf3 g6 3. g3 Bg7 4. Bg2 Nc6 5. O-O d6 6. Nc3 Bf5 7. b3 Qd7 8. Bb2
Bh3 9. Qc2 h5 10. Nd5 Bxb2 11. Qxb2 Rh7 12. Bxh3 Qxh3 13. Ng5 Qg4 14. Nxh7 O-O-O
15. Qc3 f6 16. Qf3 Qe6 17. Nf4 Qf7 18. e3 Qxh7 19. d4 cxd4 20. Ne6 dxe3 21. Nxd8
exf2+ 22. Qxf2 Kxd8 23. Rad1 Nh6 24. c5 Ng4 25. Qe2 Qh6 26. cxd6 Qe3+ 27. Qxe3
Nxe3 28. dxe7+ Ke8 29. Rd8+ Kxe7 30. Rg8 Nxf1 31. Kxf1 Kf7 32. Rc8 Ke6 33. Rc7
Nd8 34. Ke2 a6 35. Ke3 g5 36. Rh7 Nf7 37. Rxh5 Kf5 38. g4+ Kg6 39. Ke4 f5+ 40.
Kd5 fxg4 41. Ke6 Nd8+ 42. Kd7 Kxh5 43. Kxd8 Kh4 44. Kc7 Kh3 45. Kxb7 Kxh2 46.
Kxa6 g3 47. b4 g2 48. b5 g1=Q 49. b6 Qc5 50. a4 Qc4+ 51. Ka5 g4 52. b7 Qc7+ 53.
Ka6 Qb8 54. Kb6 g3 55. a5 g2 56. a6 g1=Q+ 57. Kb5 Qga7 0-1

[Event "Titled Tue 26th Aug Late"]
[Site "chess.com INT"]
[Date "2025.08.26"]
[Round "4"]
[White "Bagchi, Sounak"]
[Black "Aalto, Patrik"]
[Result "0-1"]
[BlackTitle "FM"]
[WhiteElo "2030"]
[BlackElo "2335"]
[WhiteFideId "30970059"]
[BlackFideId "510726"]
[EventDate "2025.08.26"]

1. e4 c5 2. d4 cxd4 3. c3 Nf6 4. e5 Nd5 5. Qxd4 e6 6. Nf3 Nc6 7. Qe4 f5 8. exf6
Nxf6 9. Qe2 Be7 10. g3 b6 11. Bg2 Bb7 12. O-O O-O 13. Nbd2 Rc8 14. Nb3 Qe8 15.
Bd2 Qh5 16. Rae1 Rce8 17. Ne5 Qxe2 18. Rxe2 Rc8 19. Nxc6 Bxc6 20. Bxc6 Rxc6 21.
Bg5 h6 22. Bxf6 Bxf6 23. Rd1 d5 24. Rde1 Kf7 25. Nc1 e5 26. Nd3 e4 27. Nb4 Rd6
28. Rd1 Rfd8 29. Nc2 d4 30. cxd4 Bxd4 31. Nxd4 Rxd4 32. Rde1 Rd2 33. Rxe4 Rxb2
34. Re7+ Kg6 35. Rxa7 Rdd2 36. Rf1 Rxa2 37. Rxa2 Rxa2 38. Rb1 Ra6 39. Rb5 Kf6
40. Kg2 Ke6 41. Kf3 Kd6 42. Kf4 Kc6 43. Rb2 b5 44. Kf5 Kc5 45. Rc2+ Kd4 46. Rc7
g6+ 47. Kg4 Rb6 48. Rc1 b4 49. h4 b3 50. h5 g5 51. Kf5 b2 52. Rb1 Kd3 53. f4
gxf4 54. gxf4 Kc2 55. Rxb2+ Kxb2 56. Ke5 Rb5+ 57. Kf6 Rxh5 58. Kg6 Rh1 59. f5 h5
60. f6 h4 61. Kg5 Rf1 0-1

[Event "Titled Tue 26th Aug Late"]
[Site "chess.com INT"]
[Date "2025.08.26"]
[Round "4"]
[White "Chelly, Yahya"]
[Black "Tureshbayev, Anuar"]
[Result "0-1"]
[WhiteTitle "CM"]
[BlackTitle "CM"]
[WhiteElo "1949"]
[BlackElo "2214"]
[WhiteFideId "5516200"]
[BlackFideId "651081709"]
[EventDate "2025.08.26"]

1. d4 d5 2. c4 e6 3. Nf3 a6 4. e3 dxc4 5. Bxc4 b5 6. Bd3 Bb7 7. O-O Nf6 8. Qe2
c5 9. Rd1 Qc7 10. dxc5 Bxc5 11. Nc3 O-O 12. Bd2 Nc6 13. Rac1 Qb6 14. Be1 Rfd8
15. Ne4 Be7 16. Qc2 h6 17. Nxf6+ Bxf6 18. Bc3 Bxc3 19. Qxc3 Rac8 20. Qe1 a5 21.
a3 b4 22. Qe2 Ne7 23. Ne5 Rxc1 24. Rxc1 Qd6 25. Qh5 g6 26. Nxg6 fxg6 27. Bxg6
Nxg6 28. Qxg6+ Kf8 29. Qxh6+ Ke8 30. h4 Qd5 31. Qg7 Rd7 32. Qg6+ Ke7 33. h5 Kd6
34. h6 Rh7 35. Kh2 Rxh6+ 36. Qxh6 Qxg2# 0-1

[Event "Titled Tue 26th Aug Late"]
[Site "chess.com INT"]
[Date "2025.08.26"]
[Round "4"]
[White "Nasuta, Grzegorz"]
[Black "Mottola, Max"]
[Result "1-0"]
[WhiteTitle "GM"]
[WhiteElo "2513"]
[BlackElo "2183"]
[WhiteFideId "1141686"]
[BlackFideId "30985862"]
[EventDate "2025.08.26"]

1. e4 d5 2. exd5 Qxd5 3. Nc3 Qd6 4. d4 Nf6 5. Nf3 Nc6 6. Nb5 Qd8 7. c4 a6 8. Nc3
e6 9. Be2 Be7 10. O-O O-O 11. Be3 b6 12. h3 Bb7 13. a3 Qd7 14. Qc2 Rfd8 15. Rfd1
Qe8 16. b4 Bf8 17. Bd3 Ne7 18. Ne5 g6 19. Be2 Nf5 20. Bg5 Be7 21. Bf3 Bxf3 22.
Nxf3 h6 23. Bf4 Qc6 24. Ne5 Qb7 25. Nf3 b5 26. c5 Nd5 27. Be5 Rac8 28. Ne4 f6
29. Bh2 h5 30. Re1 Kf7 31. Rad1 Bf8 32. Neg5+ fxg5 33. Nxg5+ Kg8 34. Rxe6 Nde7
35. c6 Qb6 36. Rxg6+ Nxg6 37. Qxf5 Nh8 38. Qh7# 1-0